Höchste Berge der deutschen Bundesländer - Statistiken

Allgemein
  • Dieses Quiz wurde 353 mal gespielt
  • Das Durchschnittsergebnis liegt bei 5 aus 16
Antwortstatistiken
Antwort % Korrekt
Bayern (2962m) Zugspitze
97%
Sachsen-Anhalt (1141m) Brocken
78%
Baden-Württemberg (1493m) Feldberg
73%
Hessen (950m) Wasserkuppe
44%
Sachsen (1215m) Fichtelberg
39%
Niedersachsen (971m) Wurmberg
26%
Rheinland-Pfalz (816m) Erbeskopf
20%
Schleswig-Holstein (167m) Bungsberg
18%
Thüringen (983m) Großer Beerberg
17%
Nordrhein-Westfalen (843m) Langenberg
17%
Saarland (695m) Dollberg
7%
Mecklenburg-Vorpommern (179m) Helpter Berge
6%
Berlin (121m) Arkenberge
5%
Bremen (33m) Friedehorstpark
5%
Hamburg (116m) Hasselbrack
5%
Brandenburg (201m) Kutschenberg
5%
Keine übereinstimmenden Quizze gefunden
Verteilung der Resultate
Anzahl Personen mit jedem Resultat
Perzentil nach korrekt beantworteten Fragen
Ihre Resultats-Entwicklung
Sie haben dieses Quiz noch nicht gespielt